Advances in applied probability
Αποθηκεύτηκε σε:
| Συγγραφή απο Οργανισμό/Αρχή: | |
|---|---|
| Μορφή: | Περιοδική έκδοση |
| Γλώσσα: | English |
| Δημοσίευση: |
Sheffield, Eng. :
Applied Probability Trust,
1969-
|
| Θέματα: | |
| Ετικέτες: |
Προσθήκη ετικέτας
Δεν υπάρχουν, Καταχωρήστε ετικέτα πρώτοι!
|
MARC
| LEADER | 00000nas a2200000 i 4500 | ||
|---|---|---|---|
| 001 | 1/56608 | ||
| 008 | 011206c19699999 eng d | ||
| 022 | |a 00018678 | ||
| 035 | |l 10000017 | ||
| 040 | |a GR-MY-UA |b gre |e aacr | ||
| 041 | 0 | |a eng | |
| 082 | 0 | |a 519.205 | |
| 245 | 1 | 0 | |a Advances in applied probability |h [περιοδικό] |
| 260 | |a Sheffield, Eng. : |b Applied Probability Trust, |c 1969- | ||
| 300 | |a v.; |c 24 cm. | ||
| 650 | 0 | 0 | |a Probabilities |x Periodicals. |
| 650 | 0 | 0 | |a Mathematics |x Periodicals. |
| 650 | 0 | 0 | |a Probability |x Periodicals. |
| 650 | 0 | 0 | |a Statistics |x Periodicals. |
| 710 | 0 | |a Applied Probability Trust. | |
| 853 | |a INST |b SAMOS |c SER | ||
| 922 | |a 3ΕΛΗ |b 198603 |c ΚΕΝΤΡΙΚΗ ΒΙΒΛΙΟΘΗΚΗ |d SWETS | ||
| 922 | |a 3ΕΛΗ |b 200303 |c ΤΣΑΕ |d ΚΑΟΥΦΜΑΝ | ||